000 00410nam a2200145Ia 4500
008 100204s9999 xx 000 0 und d
082 _b15770
100 _aशिरवळकर सुहास
245 _aसालम
260 _b"मधुराज पब्लिकेशन , पुणे"
_c1991 3
300 _a220
630 _aसालम
730 _aसालम
942 _cBOOK
999 _c460193
_d460190